Mine manager's handbook

Saved in:
Bibliografiske detaljer
Format: Bog
Sprog:engelsk
Udgivet: AusIMM 2012
Udgivelse:1a. ed
Serier:Monograph, 26
Fag:
Tags: Tilføj Tag
Ingen Tags, Vær først til at tagge denne postø!

MARC

LEADER 00000cam a2200000 a 4500
001 UCE2584
003 CL-VaPUC
008 140710e20120000at |||||||||||||||||eng|d
020 |a 9781921522765 
082 0 4 |a 622  |b MIN  |2 21 
245 1 0 |a Mine manager's handbook 
250 |a 1a. ed 
300 |a 562 p 
942 |c BK 
945 |d 20140710 11:54:00  |a dcastane 
260 |b AusIMM  |c 2012 
500 |a Incluye CD 
650 0 |a Industria minera  |9 260256 
650 7 |a MANAGEMENT  |2 CL-VaPUC  |9 471620 
583 |a last modification  |c 20140710 11:54:00  |k Rodrigo Vera 
490 0 |a Monograph, 26 
999 |c 356174  |d 356172 
952 |0 0  |1 0  |3 erd  |4 0  |6 622_000000000000000_MIN_2012  |7 0  |8 A  |9 463345  |a BIBING  |b BIBING  |i 5089530  |o 622 MIN 2012  |p 5089530  |r 2025-01-20  |w 2019-11-23  |y BK  |z Catalogado en:20140710  |k EIQ